Cathédrales de France n°8 - Statistiques

Statistiques générales
  • Ce quiz a été pris 103 fois
  • Le résultat moyen est 8 sur 15
Statistiques - réponses
Par images Hint Réponse % Correct
1282 Sainte-Cécile, Albi
91%
1903 Saint-Nicolas, Nice
79%
1992 Cathédrale de la Résurrection, Evry
77%
1150 Notre-Dame, Laon
74%
1060 Saint-Julien, Le Mans
74%
1272 Saint-Just-et-Saint-Pasteur, Narbonne
67%
1778 Notre-Dame-et-Saint-Vaast, Arras
49%
1160 Saint-Pierre, Poitiers
49%
Début XIIe Saint-Vincent, Saint-Malo
47%
1420 Saint-François-de-Sales, Chambéry
39%
1856 Notre-Dame, Papeete
30%
XIe Saint-Benoît, Castres
30%
1905 Saint-Pierre, Saint-Pierre et Miquelon
24%
XIIe Saint-Sacerdos, Sarlat
21%
1905 Cathédrale orthodoxe roumaine, Limours
6%
Aucun quiz correspondant
Distribution des résultats
% des personnes avec chaque résultat
Percentile par nombre de réponses
Votre historique - résultats
Vous n’avez pas pris ce quiz